[Event "Mlada Boleslav op"]
[Site "Mlada Boleslav"]
[Date "1993.??.??"]
[Round "?"]
[White "Hornicek, Jiri"]
[Black "Edzgveradze, Natalia"]
[Result "0-1"]
[WhiteElo "2320"]
[BlackElo "2185"]

1.Nf3 d5 2.g3 Nf6 3.Bg2 Bg4 4.c4 e6 5.Qb3 Qc8 6.d3 Nbd7 7.O-O c6 8.cxd5 cxd5
9.Be3 Bd6 10.Nc3 a6 11.Na4 O-O 12.Rac1 Qb8 13.Nb6 Nxb6 14.Bxb6 e5 15.Bc5 Bxc5
16.Rxc5 Qd6 17.Rfc1 Rab8 18.h3 Bxf3 19.Bxf3 e4 20.dxe4 dxe4 21.Bg2 h5 22.e3 Rfe8
23.Rc7 Re7 24.Rxe7 Qxe7 25.Qb6 Rd8 26.Rc7 Rd1+ 27.Kh2 Qe5 28.Qxb7 h4 29.Qb3 hxg3+
30.fxg3 Qh5 31.Qb8+ Kh7 32.Qc8 Rd2 33.Rc2 Ng4+ 34.Kg1 Rd1+ 35.Bf1 Rxf1+ 36.Kxf1 Nxe3+
37.Kg1 Qd1+ 38.Kf2 Qxc2+ 39.Qxc2 Nxc2  0-1

[Event "Mlada Boleslav op"]
[Site "Mlada Boleslav"]
[Date "1993.??.??"]
[Round "?"]
[White "Hornicek, Jiri"]
[Black "Nikoladze, Sofia"]
[Result "0-1"]
[WhiteElo "2320"]
[BlackElo "2060"]

1.Nf3 d5 2.g3 Nf6 3.Bg2 Nbd7 4.O-O e5 5.d3 Bd6 6.Nc3 c6 7.e4 dxe4 8.Nxe4 Nxe4
9.dxe4 Bc5 10.a3 a5 11.b3 O-O 12.Bb2 f6 13.c3 b5 14.b4 Be7 15.a4 Nb6 16.Qb3+ Nc4
17.axb5 cxb5 18.Rxa5 Rxa5 19.bxa5 Qxa5 20.Ra1 Qb6 21.Ba3 Bxa3 22.Rxa3 Be6
23.Ra1 Rc8 24.Qb4 Kf7 25.Rb1 Ra8 26.Ne1 Nd2 27.Rd1 Ra4 28.Qb2 Ra2 29.Qb4 Nf3+
30.Kh1 Nxe1 31.Rxe1 Qxf2 32.Rg1 Bh3 33.Qb3+ Kg6 34.Qxa2 Qxa2 35.Bxh3 Qc2  0-1

[Event "Mlada Boleslav op"]
[Site "Mlada Boleslav"]
[Date "1993.??.??"]
[Round "?"]
[White "Smejkal, Jan"]
[Black "Edzgveradze, Natalia"]
[Result "1-0"]
[WhiteElo "2515"]
[BlackElo "2185"]

1.Nf3 d5 2.g3 Nf6 3.Bg2 c6 4.O-O Bg4 5.d3 e6 6.Nbd2 Nbd7 7.Qe1 Qc7 8.e4 dxe4
9.dxe4 e5 10.h3 Bxf3 11.Bxf3 Be7 12.Nc4 O-O 13.a4 a5 14.Bd2 b6 15.Bc3 Rfe8
16.Qe2 Bc5 17.Rfd1 Nf8 18.h4 N6d7 19.Bg4 Ne6 20.Bxe6 Rxe6 21.Rd3 Bf8 22.Rxd7 Qxd7
23.Nxb6 Qd8 24.Nxa8 Qxa8 25.Qe3 Qb8 26.Rd1 Re8 27.Rd7 Bb4 28.b3 Qc8 29.Ra7 c5
30.Qd3 Rd8 31.Qc4 Rd7 32.Rxd7 Qxd7 33.Bxe5 h6 34.Kg2 Be1 35.Qe2 Bb4 36.Qd3 Qc6
37.Qd5 Qa6 38.c3 Ba3 39.Qd8+ Kh7 40.Qd7  1-0

[Event "Mlada Boleslav op"]
[Site "Mlada Boleslav"]
[Date "1993.??.??"]
[Round "?"]
[White "Sergeev, Vladimir"]
[Black "Lobach, Pavel V"]
[Result "1-0"]
[WhiteElo "2440"]
[BlackElo "2290"]

1.Nf3 d5 2.g3 Nf6 3.Bg2 Bf5 4.O-O e6 5.d3 h6 6.c4 c6 7.b3 Be7 8.Bb2 O-O 9.Nbd2 Nbd7
10.a3 a5 11.Ra2 c5 12.Re1 Bh7 13.e4 dxe4 14.dxe4 a4 15.e5 Ne8 16.Bc3 Nc7
17.bxa4 b6 18.Rb2 Qc8 19.a5 bxa5 20.Ne4 Rd8 21.Nfd2 Rb8 22.Rxb8 Nxb8 23.Qa4 Qa6
24.Qxa5 Nc6 25.Qxc7 Rc8 26.Qd7 Rd8 27.Qxc6 Qxc6 28.Nf6+ gxf6 29.Bxc6 fxe5
30.a4 Rd3 31.Re3 Rd6 32.Be4 f5 33.Bc2 Bg5 34.Rd3 Ra6 35.Rd7 Bg6 36.Bxe5 Be8
37.Rg7+ Kf8 38.f4 Be7 39.Rh7 Bxa4 40.Bxa4 Rxa4 41.Rxh6  1-0

[Event "Montecatini Terme op"]
[Site "Montecatini Terme"]
[Date "1993.??.??"]
[Round "?"]
[White "Belotti, Bruno"]
[Black "Zelcic, Robert"]
[Result "1/2-1/2"]
[WhiteElo "2410"]
[BlackElo "2450"]

1.Nf3 d5 2.g3 c5 3.Bg2 Nc6 4.O-O Nf6 5.d4 e6 6.c4 Be7 7.cxd5 exd5 8.Nc3 O-O
9.b3 Bg4 10.Bb2 Rc8 11.dxc5 Bxc5 12.Na4 Be7 13.Rc1 Ne4 14.Nd4 Bd7 15.f3 Ng5
16.Nc5 Nxd4 17.Bxd4 Bc6 18.Qd2 b6 19.Nd3 Ne6 20.e3 Nxd4 21.exd4 Ba3 22.Rc2 Bb5
23.Rxc8 Qxc8 24.Rd1 Qf5 25.g4 Qe6 26.Nb2 a5 27.Bf1 Bxf1 28.Rxf1 Qf6 29.Kg2 h6
30.Rf2 Re8 31.Qd3 h5 32.h3 Qf4 33.Qd2 Qf6 34.Nd1 Bb4 35.Qd3 Qf4 36.Re2 Rxe2+
37.Qxe2 Bd6 38.Nf2 h4 39.Qd3 g6 40.a4 Qh2+ 41.Kf1 Bg3 42.Qe3 Bxf2 43.Qxf2 Qh1+
44.Ke2 Qxh3 45.Qg1 Kg7 46.Ke3 f6 47.Kf2 f5 48.g5 Kf7 49.Qg2 Qxg2+ 50.Kxg2  1/2-1/2

[Event "Montpellier"]
[Site "Montpellier"]
[Date "1993.??.??"]
[Round "?"]
[White "Anic, Darko"]
[Black "Slobodjan, Roman"]
[Result "1-0"]
[WhiteElo "2440"]
[BlackElo "2435"]

1.Nf3 d5 2.g3 g6 3.Bg2 Bg7 4.d4 c6 5.O-O Nf6 6.Nbd2 O-O 7.b3 Bf5 8.Bb2 Ne4
9.Nh4 Nxd2 10.Qxd2 Be6 11.e4 Qd7 12.Rad1 dxe4 13.Bxe4 Bg4 14.Bf3 Rd8 15.Qe2 Bxf3
16.Nxf3 e6 17.c4 Qc7 18.h4 h5 19.Rfe1 Nd7 20.d5 Bxb2 21.d6 Qa5 22.Qxb2 Qf5
23.Re3 a5 24.Qe2 Ra6 25.Re4 Qf6 26.Ng5 Rf8 27.Qc2 c5 28.Rf4 Qg7 29.Qe4 Rc6
30.Kg2 Qe5 31.Qd3 Qg7 32.Qd2 Ra6 33.Qe2 Rc6 34.Rd3 Qe5 35.Qd2 Ra6 36.Re4 Qg7
37.Qe1 e5 38.Re2 Re8 39.Rd5 f6 40.Ne4 Qf8 41.Red2 b6 42.Nc3 Qf7 43.Nb5 Rd8
44.Re2 a4 45.b4 a3 46.Re3 Ra4 47.Rb3 Qe6 48.bxc5 Rxc4 49.Nc7 Qf7 50.Rxa3 Rxc5
51.Qd2 Nf8 52.Rxc5 bxc5 53.Rc3 Ne6 54.Qd5 Nd4 55.Rxc5 Nf5 56.Ne6 Ne7 57.dxe7 Rxd5
58.Rc8+ Kh7 59.e8=Q Qxe8 60.Rxe8 Ra5 61.Re7+ Kh8 62.Nf8  1-0

[Event "Mravinci"]
[Site "Mravinci"]
[Date "1993.??.??"]
[Round "?"]
[White "Sinanovic, Muhamed"]
[Black "Rosandic, Denis"]
[Result "0-1"]
[WhiteElo "2400"]
[BlackElo "2340"]

1.Nf3 d5 2.g3 c6 3.Bg2 Bg4 4.O-O Nd7 5.d3 e5 6.h3 Bh5 7.Nbd2 Bd6 8.e4 f6
9.c3 Ne7 10.Re1 O-O 11.Nf1 dxe4 12.dxe4 Qc7 13.Ne3 Nb6 14.Qc2 a5 15.Nh4 Rad8
16.Bd2 Bc5 17.c4 a4 18.Nhf5 Nxf5 19.Nxf5 Rd7 20.b4 axb3 21.axb3 Rfd8 22.Ba5 Rd3
23.b4 Rd2 24.Qxd2 Rxd2 25.bxc5 Rd7 26.Bxb6 Qb8 27.g4 Bg6 28.Red1 Bxf5 29.exf5 Rd4
30.Re1 g6 31.Ra7 Qc8 32.Rea1 Qd7 33.Ra8+ Kg7 34.Rd8 Qf7 35.Rb8 Rd7 36.Ra7 Kh6
37.fxg6 Rd1+ 38.Kh2 Qxc4 39.Bf3 Qf4+ 40.Kg2 Rd3 41.g5+ Kxg5 42.Bg4 Rd2  0-1

[Event "Muenster op"]
[Site "Muenster"]
[Date "1993.??.??"]
[Round "2"]
[White "Beckemeier, Werner"]
[Black "Hofene, Dieter"]
[Result "1-0"]
[WhiteElo "2390"]
[BlackElo "2020"]

1.Nf3 d5 2.g3 c6 3.Bg2 Nf6 4.O-O Bf5 5.d3 e6 6.Nbd2 h6 7.Qe1 Bh7 8.e4 Be7
9.Ne5 O-O 10.f4 Nfd7 11.Nxd7 Nxd7 12.Kh1 Re8 13.g4 f5 14.gxf5 exf5 15.e5 Nf8
16.Nf3 Ne6 17.c3 Kh8 18.Be3 Rf8 19.Nd4 Bg8 20.Qf2 Bh4 21.Qf3 Nxd4 22.Bxd4 Be6
23.Rg1 Kh7 24.b4 b6 25.a4 Rf7 26.a5 b5 27.Bf1 g6 28.Ra2 Rg7 29.Rag2 Qe7 30.Qh3 Rag8
31.Bxa7 Qxa7 32.Qxh4 d4 33.c4 c5 34.Rg3 Rf7 35.Rh3  1-0

[Event "Muenster op"]
[Site "Muenster"]
[Date "1993.??.??"]
[Round "3"]
[White "Espig, Lutz"]
[Black "Morlo, Michael"]
[Result "1-0"]
[WhiteElo "2455"]
[BlackElo "2230"]

1.Nf3 d5 2.g3 c6 3.Bg2 Nf6 4.b3 Bg4 5.Bb2 Nbd7 6.d3 e6 7.O-O a5 8.a3 Bd6
9.Nbd2 O-O 10.Qe1 Qc7 11.e4 Rfd8 12.e5  1-0

[Event "Muenster op"]
[Site "Muenster"]
[Date "1993.??.??"]
[Round "5"]
[White "Espig, Lutz"]
[Black "Thesing, Matthias"]
[Result "1-0"]
[WhiteElo "2455"]
[BlackElo "2385"]

1.Nf3 d5 2.g3 Nf6 3.Bg2 Bf5 4.O-O e6 5.d3 Be7 6.b3 O-O 7.Bb2 h6 8.Nbd2 Bh7
9.Qe1 c5 10.e4 Nc6 11.Qe2 c4 12.bxc4 dxe4 13.dxe4 Qb6 14.Rfb1 Qc7 15.Nd4 Nxd4
16.Bxd4 e5 17.Bc3 Rfd8 18.Rb5 Nd7 19.Rab1 b6 20.a4 a5 21.Nf1 Bc5 22.Rd1 Nf6
23.Rd3 Bg6 24.Kh1 Rab8 25.f3 Bd4 26.Bxd4 exd4 27.Nd2 Nd7 28.Nb3 Qxc4 29.Bf1 Nc5
30.Nxc5 Qa2 31.Rdb3 Rbc8 32.Rb2 Qa3 33.Qd3 Qa1 34.Rb1 Qa2 35.R5b2  1-0

[Event "Munich op9293"]
[Site "Munich"]
[Date "1993.??.??"]
[Round "2"]
[White "Spassov, Liuben"]
[Black "De Francesco, Klaus"]
[Result "1-0"]
[WhiteElo "2410"]
[BlackElo "2270"]

1.Nf3 d5 2.g3 c6 3.Bg2 Nf6 4.O-O Bf5 5.c4 e6 6.cxd5 exd5 7.d3 Be7 8.Qc2 h6
9.Nc3 O-O 10.e4 Bh7 11.Qe2 Re8 12.e5 Bf8 13.Be3 Ng4 14.d4 Nxe3 15.Qxe3 Nd7
16.Rad1 Nb6 17.b3 a5 18.a4 Bc2 19.Ra1 Bxb3 20.Rfb1 Bc2 21.Rc1 Nc4 22.Qf4 Bg6
23.Nd1 Rb8 24.Nd2 Nxd2 25.Qxd2 Bb4 26.Qe3 Qd7 27.f4 Bf5 28.Nf2 Rec8 29.Qf3 Qe7
30.g4 Bd7 31.Nd3 b5 32.f5 Bd2 33.Rc2 Qg5 34.Nf2 Qe3 35.Rd1 Qxf3 36.Bxf3 Bg5
37.Kg2 bxa4 38.Nd3 Be7 39.Ra1 a3 40.Kg3 Rb3 41.Nc5 Bxc5 42.Rxc5 a4 43.Ra5 Rcb8
44.Rxa4 c5 45.R4xa3 cxd4 46.Rxb3 Rxb3 47.Ra8+ Kh7 48.Rd8 Bc6 49.Kf4 Rb4 50.Bxd5 d3+
51.Ke3 Bxd5 52.Rxd5 Rxg4 53.Rxd3 g5 54.Rd7 Kg8 55.f6 Rh4 56.Rd8+ Kh7 57.e6 fxe6
58.f7 Kg7  1-0

[Event "Munich op9293"]
[Site "Munich"]
[Date "1993.??.??"]
[Round "3"]
[White "Straub, Peter"]
[Black "Hornung, Hans"]
[Result "1/2-1/2"]
[WhiteElo "2230"]
[BlackElo "2300"]

1.Nf3 d5 2.g3 c5 3.Bg2 Nc6 4.d4 e6 5.O-O cxd4 6.Nxd4 Bc5 7.Nb3 Bb6 8.N1d2 Nge7
9.c4 d4 10.Nf3 e5 11.c5 Bc7 12.e3 dxe3 13.Bxe3 Be6 14.Qc2 Nd5 15.Rfd1 Qe7
16.Bd2 h6 17.Re1 O-O 18.Re2 Qf6 19.Qe4 Rad8 20.Qa4 Rfe8 21.Rae1 Bf5 22.Nc1 g5
23.Bc3 Nxc3 24.bxc3 e4 25.Nd4 Nxd4 26.cxd4 Qxd4 27.Qxa7 Rd7 28.Nb3 Qb4 29.Re3 Rde7
30.Bf1 Bb8 31.Qb6 Qxb6 32.cxb6 Re6 33.Nd4 Re5 34.Nxf5 Rxf5 35.Rxe4 Rxe4 36.Rxe4  1/2-1/2

[Event "Munich"]
[Site "Munich"]
[Date "1993.??.??"]
[Round "11"]
[White "Hjartarson, Johann"]
[Black "Lobron, Eric"]
[Result "1-0"]
[WhiteElo "2625"]
[BlackElo "2620"]

1.Nf3 d5 2.g3 c6 3.Bg2 Bg4 4.b3 Nd7 5.Bb2 e6 6.O-O Ngf6 7.d3 Bc5 8.Nbd2 O-O
9.c4 Qe7 10.a3 a5 11.d4 Bd6 12.Ne5 Bh5 13.Re1 Rfd8 14.Qc2 Bxe5 15.dxe5 Ng4
16.Nf3 Bg6 17.Qc3 Nc5 18.cxd5 cxd5 19.Nh4 d4 20.Nxg6 hxg6 21.Qc4 b5 22.Qc2 Rac8
23.Rac1 d3 24.exd3 Nxd3 25.Qxc8 Nxe1 26.Qb7 Qxb7 27.Bxb7 Nd3 28.Rd1 Ngxf2
29.Rd2 a4 30.bxa4 bxa4 31.Ba6 Kf8 32.Bc3 Ke7 33.Kf1 Ne4 34.Rxd3  1-0

[Event "Nabereznye Chelny"]
[Site "Nabereznye Chelny"]
[Date "1993.??.??"]
[Round "?"]
[White "Panchenko, Alexander N"]
[Black "Muhamedzjanov, Nail"]
[Result "1/2-1/2"]
[WhiteElo "2460"]
[BlackElo "2335"]

1.Nf3 d5 2.g3 c6 3.Bg2 Bf5 4.O-O Nf6 5.d3 h6 6.b3 e6 7.Bb2 Nbd7 8.c4 Bc5
9.Nbd2 O-O 10.Qc2 Qe7 11.Ne5 a5 12.e4 dxe4 13.Nxe4 Bxe4 14.dxe4 Nxe5 15.Bxe5 Rfd8  1/2-1/2

[Event "Nabereznye Chelny"]
[Site "Nabereznye Chelny"]
[Date "1993.??.??"]
[Round "?"]
[White "Panchenko, Alexander N"]
[Black "Lempert, Igor"]
[Result "0-1"]
[WhiteElo "2460"]
[BlackElo "2455"]

1.Nf3 d5 2.g3 Bg4 3.Bg2 e6 4.c4 c6 5.cxd5 exd5 6.O-O Nf6 7.d3 Be7 8.h3 Bxf3
9.Bxf3 Nbd7 10.Bg2 O-O 11.e4 dxe4 12.dxe4 Ne5 13.Qb3 Qd3 14.Nc3 Bc5 15.Bf4 Ng6
16.Rad1 Qa6 17.Bg5 Rad8 18.Rxd8 Rxd8 19.Rd1 Rxd1+ 20.Qxd1 Qa5 21.Bc1 Qb6
22.Qe2 Bd4 23.Nd1 h5 24.Kh1 h4 25.gxh4 Qc5 26.Be3 Nxh4 27.Bxd4 Qxd4 28.Nc3 Ng6
29.Kg1 Nf4 30.Qe1 Nd7 31.Ne2 Nxe2+ 32.Qxe2 Ne5 33.Bf1 c5 34.Kg2 c4 35.f4 Nd3
36.Kf3 Nxb2 37.Qe3 Qd1+ 38.Be2 Qh1+ 39.Kg3 Qe1+ 40.Kf3 c3 41.Qc5 Qh1+ 42.Kg3 Qe1+
43.Kf3 g6 44.f5 Qh1+ 45.Kf4 Qh2+ 46.Kg5 Qg2+ 47.Bg4 Qd2+ 48.Kh4 Nd3 49.Qe7 Qh6+
50.Kg3 Qf4+ 51.Kh4 c2 52.fxg6 c1=Q  0-1

[Event "Nagykanizsa op"]
[Site "Nagykanizsa"]
[Date "1993.??.??"]
[Round "3"]
[White "Kiss, Laszlo"]
[Black "Horvath, Peter"]
[Result "0-1"]
[WhiteElo "2260"]
[BlackElo "2390"]

1.Nf3 d5 2.g3 c5 3.Bg2 Nc6 4.d4 e6 5.O-O Nf6 6.c4 Be7 7.cxd5 exd5 8.Nc3 O-O
9.Bg5 Be6 10.Rc1 cxd4 11.Nxd4 h6 12.Bxf6 Bxf6 13.Nxe6 fxe6 14.Bh3 Qe7 15.e3 Rad8
16.Qg4 Rfe8 17.Rfd1 Qf7 18.Bg2 Bxc3 19.Rxc3 e5 20.Qa4 e4 21.Rc5 Rf8 22.Rd2 d4
23.exd4 Rxd4 24.Qc2 Nb4 25.Qc3 Rxd2 26.Qxd2 Nd3 27.Bxe4 Nxc5  0-1

[Event "FRA-ch"]
[Site "Nantes"]
[Date "1993.??.??"]
[Round "3"]
[White "Anic, Darko"]
[Black "Relange, Eloi"]
[Result "1-0"]
[WhiteElo "2440"]
[BlackElo "2365"]

1.Nf3 d5 2.g3 Nf6 3.Bg2 Bf5 4.b3 e6 5.Bb2 Bd6 6.d3 Nbd7 7.Nbd2 O-O 8.O-O e5
9.Nh4 Be6 10.e4 dxe4 11.dxe4 Ne8 12.Qe2 Bc5 13.Nc4 f6 14.Rad1 b5 15.Na5 Qb8
16.a3 Qb6 17.b4 Bd6 18.Nf5 c5 19.Qd2 Bc7 20.Ne7+ Kh8 21.Nd5 Qd6 22.Nxc7 Qxc7
23.f4 Bg4 24.Bf3 Bh3 25.Rf2 exf4 26.gxf4 Rc8 27.f5 Ne5 28.Qf4 cxb4 29.axb4 g5
30.fxg6 Rg8 31.Kh1 Rxg6 32.Bh5 Nd3 33.Rxd3 Bg2+ 34.Kg1 Bf3+ 35.Bxg6 Qxf4
36.Rdxf3 Qg4+ 37.Rg3 Qd1+ 38.Rf1 Qxc2 39.Rg2 Qd3 40.Bxe8  1-0

[Event "USA-chJ New York"]
[Site "New York"]
[Date "1993.??.??"]
[Round "?"]
[White "Sidelnikov, Alexander"]
[Black "Tsemekhman, Vadim"]
[Result "1-0"]
[WhiteElo "2230"]
[BlackElo "2350"]

1.Nf3 d5 2.g3 c6 3.Bg2 Bg4 4.O-O Nd7 5.d3 Ngf6 6.h3 Bh5 7.b3 e5 8.Bb2 Bd6
9.c4 d4 10.Na3 O-O 11.Nc2 a5 12.Re1 Re8 13.Qd2 Qb6 14.Ba3 Bxa3 15.Nxa3 e4
16.dxe4 Nxe4 17.Qxd4 Ndc5 18.Rad1 f6 19.Nh4 Rad8 20.Qe3 Nd2 21.Qf4 g5 22.Qf5 Kg7
23.g4 Bf7 24.Qc2 gxh4 25.Rxd2 Qb4 26.Nb1 Bg6 27.e4 Nd3 28.Re3 Nf4 29.a3 Rxd2
30.Qxd2 Qxd2 31.Nxd2 Rd8 32.Nf3 Rd1+ 33.Kh2 Ra1 34.a4 Ra2 35.Nxh4 Rxf2 36.Kg3 Nxg2
37.Kxf2 Nxe3 38.Kxe3 Be8 39.Nf5+ Kg6 40.Nd6 Bd7 41.Nxb7 Kg5 42.Nxa5 Kh4 43.Nb7 Kxh3
44.a5 Kxg4 45.a6 Bc8 46.Nc5 Bxa6 47.Nxa6 h5 48.Nc5 h4 49.Nd3 Kg3 50.b4  1-0

[Event "USA-chJ New York"]
[Site "New York"]
[Date "1993.??.??"]
[Round "?"]
[White "Sidelnikov, Alexander"]
[Black "Zamora, Jorge"]
[Result "1-0"]
[WhiteElo "2230"]
[BlackElo "2270"]

1.Nf3 d5 2.g3 c6 3.Bg2 Nf6 4.O-O Bg4 5.h3 Bh5 6.d4 Nbd7 7.b3 e6 8.Bb2 Bd6
9.Nbd2 O-O 10.Ne5 Ne8 11.g4 Bg6 12.f4 Nxe5 13.dxe5 Bc5+ 14.Kh2 f6 15.Nf3 Be4
16.exf6 Nxf6 17.Ng5 Bxg2 18.Kxg2 Qe7 19.Qd3 Bd6 20.e4 e5 21.exd5 g6 22.fxe5 Nxd5
23.exd6 Ne3+ 24.Kg1 Qxg5 25.Qd4  1-0

[Event "New York Enhance"]
[Site "New York"]
[Date "1993.??.??"]
[Round "5"]
[White "Frias, Victor J"]
[Black "Shabalov, Alexander"]
[Result "1/2-1/2"]
[WhiteElo "2455"]
[BlackElo "2590"]

1.Nf3 d5 2.g3 Bg4 3.Bg2 Nd7 4.c4 e6 5.b3 Bd6 6.Bb2 Ngf6 7.O-O O-O 8.d4 c6
9.Nbd2 Qb8 10.Re1 a5 11.a3 b5 12.Qc1 Bf5 13.Nh4 Be4 14.Nxe4 Nxe4 15.Bxe4 dxe4
16.d5 cxd5 17.cxd5 Ra6 18.dxe6 fxe6 19.Rd1 Rf7 20.Ng2 Qf8 21.Bd4 Nf6 22.Bxf6 Rxf6
23.Rf1 Ra7 24.e3 Raf7 25.Ra2 Qa8 26.a4 Qb7 27.Rc2 Bf8 28.Nf4 e5 29.Ne2 Rh6
30.axb5 Qxb5 31.Nc3 Qb7 32.Rd1 Rb6 33.Na4 Rbf6 34.Nc5 Bxc5 35.Rxc5 Rxf2 36.Rd8+ Rf8
37.Qc4+ Kh8 38.Rcc8 Qe7 39.Rxf8+ Rxf8 40.Rxf8+ Qxf8 41.Qxe4 Qg8  1/2-1/2

[Event "New York Marshall CC"]
[Site "New York"]
[Date "1993.??.??"]
[Round "9"]
[White "Frias, Victor J"]
[Black "Young, Ronald"]
[Result "1/2-1/2"]
[WhiteElo "2460"]
[BlackElo "2300"]

1.Nf3 d5 2.g3 Nf6 3.Bg2 c6 4.d3 Bf5 5.O-O h6 6.Nbd2 e6 7.c4 Be7 8.Rb1 a5
9.cxd5 exd5 10.Nd4 Bh7 11.Qb3 Qc7 12.N2f3 Nbd7 13.Nh4 O-O 14.Ndf5 Bc5 15.d4 Bd6
16.Ra1 Rfe8 17.Nxd6 Qxd6 18.e3 a4 19.Qd1 b5 20.Bd2 Nb6 21.Nf3 Nc4 22.Bc1 Qb4
23.a3 Qb3 24.Nd2 Qxd1 25.Rxd1 Bc2 26.Re1 Na5 27.f3 Nd7 28.Kf2 Nb6 29.Nf1 Nb3
30.Bd2 Nc4 31.Bc3 f5 32.Rad1 Kf7 33.h3 Kf6 34.g4 g6 35.e4 fxe4 36.fxe4 Bxd1
37.Rxd1 Ke6 38.Re1 Kd6 39.Ng3 Rf8+ 40.Kg1 Rad8 41.Bb4+ Kc7 42.Bxf8 Rxf8 43.exd5 Nxd4
44.dxc6 Nf3+ 45.Bxf3 Rxf3 46.Ne2 Rd3 47.Nf4 Rd2 48.Re7+ Kxc6 49.Re6+ Kb7
50.Rxg6 Nxb2 51.Ne6 Nd3 52.Nd8+ Kc7 53.Nc6 b4 54.Nxb4 Nxb4 55.Rxh6 Nc6 56.g5 Ra2
57.g6 Rxa3 58.g7 Ne7 59.Kf2 Kd7 60.h4 Rc3 61.Ra6 Rc8 62.Rxa4 Nf5 63.h5 Rg8
64.Ra7+ Ke6 65.h6 Nxh6 66.Ra6+ Kf5  1/2-1/2

[Event "Nikolaev zt"]
[Site "Nikolaev"]
[Date "1993.??.??"]
[Round "?"]
[White "Gadjilu, Rauf"]
[Black "Guliev, Sarhan"]
[Result "0-1"]
[WhiteElo "2365"]
[BlackElo "2485"]

1.Nf3 d5 2.g3 Nf6 3.Bg2 c6 4.O-O Bf5 5.d3 e6 6.Nbd2 h6 7.Qe1 Be7 8.e4 Bh7
9.Qe2 O-O 10.Re1 Re8 11.e5 Nfd7 12.Nf1 c5 13.h4 Nc6 14.N1h2 b5 15.Bf4 Rc8
16.Ng4 Bf8 17.c3 d4 18.cxd4 cxd4 19.a3 Nc5 20.Rad1 Bf5 21.Ngh2 b4 22.g4 Bh7
23.g5 h5 24.Nf1 bxa3 25.bxa3 Na4 26.N3d2 Nc3 27.Qxh5 Nxd1 28.Rxd1 Bxa3 29.Ne4 Bf8
30.Nfg3 Qa5 31.Nf6+ gxf6 32.gxf6 Nxe5 33.Bxe5 Rc5 34.f4 Rec8 35.Be4 Bxe4
36.Nxe4 Rc1 37.Qg4+ Kh8 38.Nd6 Rxd1+ 39.Qxd1 Rc7 40.Ne4 Rc6 41.Ng5 Bh6 42.Nxf7+ Kh7
43.Ng5+ Bxg5 44.hxg5 Kg6 45.f7 Qa3 46.Kh2 Kxf7 47.Bf6 Kg8 48.Bxd4 a5 49.Qh5 Rc2+
50.Kh1 Qc1+ 51.Bg1 Qxf4 52.g6 Rc7 53.Qh3 Qf5 54.Qg3 e5 55.d4 Qe4+ 56.Kh2 Rc2+  0-1

[Event "Nis op"]
[Site "Nis"]
[Date "1993.??.??"]
[Round "?"]
[White "Djukic, Zeljko"]
[Black "Milivojevic, Jovan"]
[Result "1-0"]
[WhiteElo "2370"]
[BlackElo "2280"]

1.Nf3 d5 2.g3 Nf6 3.Bg2 e6 4.O-O Bc5 5.d4 Bd6 6.c4 c6 7.Nc3 Nbd7 8.c5 Bc7
9.Bf4 O-O 10.Re1 Bxf4 11.gxf4 Nh5 12.e3 f6 13.Bh3 f5 14.Kh1 Ndf6 15.Ne5 Bd7
16.Bg2 g6 17.Bf3 Ng7 18.Rg1 Be8 19.Rb1 Nd7 20.Nd3 Qh4 21.Rg3 Qf6 22.b4 a6
23.a4 Bf7 24.Ra1 Rfb8 25.b5 axb5 26.axb5 Qd8 27.Rg1 Be8 28.Qb3 Nf6 29.b6 Ne4
30.Qb2 Qh4 31.Ra7 Rxa7 32.bxa7 Ra8 33.Ra1 Qe7 34.Ne5 Nxc3 35.Qxc3 Bd7 36.Qa5 Ne8
37.Nd3 Bc8 38.Nb2 Qc7 39.Be2 Kg7 40.Kg2 Kf7 41.Qb6 Qxb6 42.cxb6 Nd6 43.Na4 Ke7
44.Nc5 Ne4 45.Bd3 Nd6 46.Kf3 Kf6 47.Ke2 Ne4 48.Bxe4 dxe4 49.h4  1-0

[Event "Nis op"]
[Site "Nis"]
[Date "1993.??.??"]
[Round "?"]
[White "Djukic, Zeljko"]
[Black "Stamenkovic, Zoran"]
[Result "1-0"]
[WhiteElo "2370"]
[BlackElo "2425"]

1.Nf3 d5 2.g3 Nf6 3.Bg2 c6 4.O-O Bf5 5.d3 h6 6.c4 e6 7.Qb3 Qb6 8.Be3 Qxb3
9.axb3 a6 10.Nc3 Nbd7 11.Bd2 Be7 12.Rfe1 O-O 13.e4 dxe4 14.dxe4 Bh7 15.e5 Ne8
16.Ne4 Nc5 17.Nxc5 Bxc5 18.Ba5 Rc8 19.Re2 Nc7 20.Rd2 b6 21.b4 Bxf2+ 22.Kxf2 bxa5
23.Rxa5 Rb8 24.Rc5 Be4 25.Nd4 Bxg2 26.Kxg2 Rfd8 27.Rxc6 Rd7 28.Rd6 Rbd8 29.Nc6 Rxd6
30.exd6 Rd7 31.dxc7  1-0

[Event "Nis op"]
[Site "Nis"]
[Date "1993.??.??"]
[Round "?"]
[White "Damljanovic, Branko"]
[Black "Tregubov, Pavel V"]
[Result "1-0"]
[WhiteElo "2570"]
[BlackElo "2475"]

1.Nf3 d5 2.g3 c6 3.Bg2 Nf6 4.O-O Nbd7 5.d3 e5 6.Nc3 d4 7.Nb1 Bc5 8.c3 dxc3
9.Nxc3 O-O 10.a3 a5 11.Rb1 Qe7 12.Qc2 Re8 13.Nh4 Nf8 14.Bg5 Ne6 15.Bxf6 Qxf6
16.Ne4 Qe7 17.Nf5 Qf8 18.e3 Ba7 19.b4 Bb8 20.g4 Rd8 21.Qc3 axb4 22.axb4 f6
23.b5 cxb5 24.Rxb5 Kh8 25.Rc1 Nc7 26.Rc5 Be6 27.h3 Nd5 28.Qb2 Ba7 29.Rb5 Bxf5
30.gxf5 Nxe3 31.fxe3 Bxe3+ 32.Nf2 Bxc1 33.Qxc1 Qd6 34.Bxb7 Rab8 35.Rd5 Qb6
36.Rxd8+ Rxd8 37.Be4 Rb8 38.Kg2 Qd4 39.Qc7 Qd8 40.Qxd8+ Rxd8 41.h4 Kg8 42.h5 Kf7
43.Ng4 h6 44.Ne3 Ke7 45.Nc4 Rb8 46.Na5 Rb5 47.Nc4 Rb1 48.Kf2 Ra1 49.Nd2 Kd6
50.Nf3 Rc1 51.Nh4 Rc2+ 52.Kf3 Rb2 53.Ng6 Rb8 54.Ke3 Kc5 55.Bf3 Re8 56.Bd1 Rb8
57.Bf3 Re8 58.Bb7 Rb8 59.Ba6 Ra8 60.Bc4 Rd8 61.Bf7 Rb8 62.Nh4 Rb4 63.Bc4 Rb2
64.Nf3 Rg2 65.Be6 Rg3 66.Kf2 Rg4 67.Ke2 Rg2+ 68.Ke3 Rg3 69.Kf2 Rg4 70.Bc8 Kd6
71.Bb7 Rb4 72.Be4 Kc5 73.Ke3 Ra4 74.Nd2 Kd6 75.Nb3 Ke7 76.Bg2 Rb4 77.Nc5 Rf4
78.Be4 Rh4 79.Ne6 Rxh5 80.Nxg7 Rh4 81.Ne6 Rh5 82.Ng7 Rh3+ 83.Bf3 Rh4 84.Nh5 Kf7
85.Kf2 Rd4 86.Be4 Rd8 87.Kg3 Rg8+ 88.Kh3 Rg1 89.Ng3 Rd1 90.Kh4 Rd2 91.Nf1 Re2
92.Kg4 Kg7 93.Kf3 Re1 94.Kf2 Ra1 95.Ne3 Rb1 96.Kg3 Rb2 97.Nc4  1-0

[Event "Nis op"]
[Site "Nis"]
[Date "1993.??.??"]
[Round "?"]
[White "Vukic, Milan"]
[Black "Djukic, Zeljko"]
[Result "1-0"]
[WhiteElo "2460"]
[BlackElo "2370"]

1.Nf3 d5 2.g3 Nf6 3.Bg2 e6 4.c4 Be7 5.O-O O-O 6.b3 a5 7.Bb2 a4 8.d3 axb3
9.axb3 Rxa1 10.Bxa1 c6 11.Bc3 b5 12.Nbd2 Qb6 13.Qa1 b4 14.Bb2 Nbd7 15.d4 Bb7
16.c5 Qa6 17.e3 Ra8 18.Qxa6 Rxa6 19.Ra1 Rxa1+ 20.Bxa1 Ba6 21.Ne1 Bd8 22.Bf1 Bxf1
23.Kxf1 Ne4 24.Nb1 Bf6 25.Nc2 Nexc5 26.dxc5 Bxa1 27.Nxa1 Nxc5 28.Nd2 Kf8
29.Ke2 Ke7 30.Nc2 Na6 31.e4 Kd6 32.f4 f6 33.Ke3 c5 34.Ne1 Nb8 35.Nd3 Nd7
36.g4 g6 37.f5 exf5 38.gxf5 g5 39.exd5 Kxd5 40.Nc4 h5 41.h4 Nb8 42.hxg5 fxg5
43.Nce5 Nc6 44.Nxc6 Kxc6 45.f6 Kd6 46.Nxc5 h4 47.Kf3  1-0

[Event "NLD-chT"]
[Site "?"]
[Date "1993.??.??"]
[Round "7"]
[White "Vogel, Jaap"]
[Black "Tolk, Peter"]
[Result "0-1"]
[WhiteElo "2300"]
[BlackElo "2295"]

1.Nf3 d5 2.g3 g6 3.c4 c6 4.cxd5 cxd5 5.d4 Nf6 6.Nc3 Bg7 7.Ne5 O-O 8.Bg2 e6
9.O-O Nfd7 10.f4 Nc6 11.Be3 Ne7 12.Rc1 Nf5 13.Bf2 Nd6 14.g4 Nf6 15.e3 Qa5
16.Be1 Qa6 17.Rf2 b5 18.a4 bxa4 19.Bf1 Qb7 20.Nxa4 Nfe4 21.Rg2 Bd7 22.b4 Bxa4
23.Qxa4 Rfc8 24.Rgc2 Rxc2 25.Rxc2 Rc8 26.Rxc8+ Qxc8 27.Nc6 Bf8 28.b5 e5 29.h3 exf4
30.exf4 Qe6 31.Qxa7 Qf6 32.Qa2 Qxf4 33.Qe2 Nxb5 34.Bh4 Nd2 35.Bg2 Nxd4 36.Nxd4 Qxd4+
37.Bf2 Qa1+ 38.Be1 Qd4+ 39.Bf2 Qa1+ 40.Be1 Ne4 41.Bxe4 Qd4+ 42.Bf2 Qxe4 43.Qb2 Qf3
44.Qe5 Qxh3 45.Bd4 Qxg4+ 46.Kf2 Qf5+  0-1

[Event "NOR-ch"]
[Site "?"]
[Date "1993.??.??"]
[Round "1"]
[White "Bern, Ivar"]
[Black "Johannessen, Svein"]
[Result "1/2-1/2"]
[WhiteElo "2370"]
[BlackElo "2330"]

1.Nf3 d5 2.g3 Nf6 3.Bg2 Bg4 4.O-O Nbd7 5.d4 e6 6.Nbd2 Bd6 7.Re1 O-O 8.e4 dxe4
9.Nxe4 Nxe4 10.Rxe4 Bh5 11.c4 e5 12.c5 Be7 13.c6 bxc6 14.dxe5 Nc5 15.Rd4 Qb8
16.b3 Ne6 17.Rc4 Qb5 18.Qe1 Rad8 19.Be3 c5 20.h4 Rd5 21.Ng5 Rxe5 22.f4 Rxe3
23.Qxe3 Bf6 24.Nxe6 fxe6 25.Rac1 Bd4 26.Rxd4 cxd4 27.Qxd4 Qa5 28.Qe5 Qxe5
29.fxe5 Bg4 30.Rxc7 Rd8 31.Rc2 a5 32.Kh2 h5 33.Bh3 Bxh3 34.Kxh3 Rd5 35.Re2 Kf7
36.Kg2 Kg6 37.Kf3  1/2-1/2

[Event "NOR-ch"]
[Site "?"]
[Date "1993.??.??"]
[Round "1"]
[White "Dannevig, Oystein"]
[Black "Grotnes, Nils"]
[Result "1-0"]
[WhiteElo "2300"]
[BlackElo "2330"]

1.Nf3 d5 2.g3 c5 3.Bg2 Nc6 4.O-O e5 5.d3 Bd6 6.e4 d4 7.a4 Nge7 8.Na3 O-O
9.Nc4 Bc7 10.c3 dxc3 11.bxc3 f6 12.Ba3 b6 13.Ne3 Be6 14.Nh4 Qd7 15.Qc2 Rad8
16.Rfd1 Qe8 17.Nhf5 Qf7 18.Rab1 Rfe8 19.Nxe7+ Rxe7 20.Bf3 Red7 21.Nd5 Bd6
22.Qa2 Ne7 23.a5 Bc7 24.c4 Bxd5 25.cxd5 g6 26.Bg4 f5 27.Bh3 Nc8 28.Bb2 Re8
29.Ba1 h6 30.Rf1 Kh7 31.Qb2 Rde7 32.f3 Rf8 33.Rbe1 Qe8 34.f4  1-0

[Event "NOR-ch"]
[Site "?"]
[Date "1993.??.??"]
[Round "3"]
[White "Bern, Ivar"]
[Black "Gausel, Einar"]
[Result "0-1"]
[WhiteElo "2370"]
[BlackElo "2500"]

1.Nf3 d5 2.g3 Nf6 3.Bg2 c6 4.d3 h6 5.b3 Bf5 6.Bb2 e6 7.Nbd2 Be7 8.O-O O-O
9.Qe1 Bh7 10.e4 Nbd7 11.e5 Ne8 12.Qe2 a5 13.Ne1 a4 14.Rb1 axb3 15.axb3 Ra2
16.f4 Qb6+ 17.Kh1 Nc7 18.Bh3 Nb5 19.Ndf3 Rxb2 20.Rxb2 Nc3 21.Qd2 Bb4 22.Ng2 Qa5
23.Qf2 Qa3 24.Rbb1 Nxb1 25.Rxb1 Qa2 26.Rf1 Qb2 27.Ne3 Bc5 28.Nd1 Bxf2 29.Nxb2 Bb6
30.Ra1 g5 31.Nd1 gxf4 32.gxf4 Bg6 33.Kg2 Kh8 34.Kf1 Bh5 35.Ke2 f6 36.Bxe6 Nc5
37.Bxd5 cxd5 38.Ne3 Ne6 39.Nxd5 fxe5 40.Nxb6 Rxf4 41.Ke3 Rxf3+ 42.Ke4 Nd4
43.Ra8+ Kg7 44.Rc8 Nc6 45.c3 Rh3 46.Rc7+ Kf6 47.Nd7+ Ke7 48.Kf5 Rf3+ 49.Ke4 Kd6
50.Rxb7 Rf4+ 51.Ke3 Rf7  0-1